| 000 | 00600nam a22001457a 4500 | ||
|---|---|---|---|
| 003 | NUST | ||
| 082 | _a005 | ||
| 100 |
_aIftikhar, Saira _9119909 |
||
| 245 |
_aIntegration of Entrepreneurship Competency Development in STEAM Education: A Case of Gamified Pedagogy and its Implications _cSaira Iftikhar |
||
| 264 |
_aIslamabad _bSchool of Electrical Engineering and Computer Science, National University of Sciences and Technology (NUST),SEECS _c2023 |
||
| 300 |
_aill: _b178,p. _c30,cm. |
||
| 650 |
_aDepartment of Computing _9119908 |
||
| 700 |
_aSupervisor :Dr. Arham Muslim _9104694 |
||
| 942 |
_2ddc _cSC |
||
| 999 |
_c607424 _d607424 |
||